000 00784nam a2200193 i 4500
001 44990
003 ES-MaACL
005 20250723061829.0
007 t|
008 030324s1906 gw ||||1| ger d
245 0 3 _aLo Codi
_b: eine Summa Codicis in provenzalischer Sprache aus der Mitte des XII. Jahrhunderts /
_cherausgegeben von Hermann Fitting und Hermann Suchier. Erste Teil, Lo Codi in der lateinischen Ubersetzung des Ricardus Pisanus / herausgegeben von Hermann Fitting.
260 _aHalle :
_bMax Niemeyer,
_c1906 (
_fWaisenhanses)
300 _aX, 385 p., III lám. ;
_c24 cm.
650 0 7 _aDerecho romano
_2embne
_911764
700 1 _aPisanus, Ricardus.
_992367
700 1 _aFitting, Hermann.
_951062
852 _aES-MaACL
_jC-6604
999 _c44990
_d44990